Building study (Record no. 78333)

MARC details
000 -LEADER
fixed length control field 00812cab a2200193 4500
001 - CONTROL NUMBER
control field ##L136531
008 - FIXED-LENGTH DATA ELEMENTS--GENERAL INFORMATION
fixed length control field 070206n2007 000 0 eng u
035 ## - SYSTEM CONTROL NUMBER
System control number (Sirsi) u136531
041 0# - LANGUAGE CODE
Language code of text/sound track or separate title eng
100 1# - MAIN ENTRY--PERSONAL NAME
Personal name Manser, Michael
245 00 - TITLE STATEMENT
Title Building study
Remainder of title it sweeps and soars; an appropriately powerful structure in the airfield landscape
260 ## - PUBLICATION, DISTRIBUTION, ETC.
Date of publication, distribution, etc. 2007
490 #0 - SERIES STATEMENT
Series statement Architects' Journal
Volume/sequential designation 225(4) 1 February 2007, 22-35(14)
520 ## - SUMMARY, ETC.
Summary, etc. Reports on the design, architecture and costing of theNational Cold War Exhibition at the RAF Museum, Cosford, Shropshire. Contains building costs (gross internal floor area), layout plans, working details, and project credits. The total cost was £12.5m.
590 ## - LOCAL NOTE (RLIN)
Local note KA
651 #4 - SUBJECT ADDED ENTRY--GEOGRAPHIC NAME
Geographic name United Kingdom
Chronological subdivision
690 ## - LOCAL SUBJECT ADDED ENTRY--TOPICAL TERM (OCLC, RLIN)
Topical term or geographic name as entry element BUILT ENVIRONMENT-BUILDING COSTS
942 ## - ADDED ENTRY ELEMENTS (KOHA)
Suppress in OPAC 0
Holdings
Withdrawn status Lost status Source of classification or shelving scheme Damaged status Not for loan Home library Current library Shelving location Date acquired Total Checkouts Full call number Barcode Date last seen Copy number Price effective from Koha item type
    Dewey Decimal Classification     London London Journal article 06/02/2007   L136531 136531-1001 06/08/2019 1 06/08/2019 Journal article